| 000 | 00638nam a2200193Ia 4500 | ||
|---|---|---|---|
| 008 | 090124s9999 xx 000 0 und d | ||
| 020 | _a81-87520-52-3 | ||
| 082 | _b44382 | ||
| 100 | _aडावखर संपत | ||
| 245 | _a माझी जमीन माझी मिळकत | ||
| 250 | _a1 | ||
| 260 |
_bचिनार पब्लिशर्स _c2006 |
||
| 300 | _a124 | ||
| 600 | _aडावखर संपत | ||
| 630 | _a माझी जमीन माझी मिळकत | ||
| 700 | _aडावखर संपत | ||
| 730 | _a माझी जमीन माझी मिळकत | ||
| 942 | _cBOOK | ||
| 999 |
_c110592 _d110592 |
||